| Tag |
First Indicator |
Second Indicator |
Subfields |
| LEADER |
00000cam a2200000 i 4500 |
| 001 |
in00003429607 |
| 005 |
20210312124527.0 |
| 006 |
m o d f |
| 007 |
cr b|||||a|||| |
| 008 |
131120s2013 dcu ob f000 0 eng c |
| 035 |
|
|
|a (OCoLC)ocn863419351
|
| 042 |
|
|
|a pcc
|
| 043 |
|
|
|a n-us---
|
| 040 |
|
|
|a GPO
|b eng
|e rda
|e pn
|c GPO
|d GPO
|d MvI
|
| 049 |
|
|
|a WWW
|
| 050 |
1 |
4 |
|a KF27
|b .E5524 2012e
|
| 074 |
|
|
|a 1019-C-01 (online)
|
| 086 |
0 |
|
|a Y 4.C 73/8:112-173
|
| 088 |
|
|
|a Serial no. 112-173 (United States. Congress. House. Committee on Energy and Commerce)
|
| 110 |
1 |
|
|a United States.
|b Congress.
|b House.
|b Committee on Energy and Commerce.
|b Subcommittee on Energy and Power,
|e author.
|
| 245 |
1 |
0 |
|a H.R. 4255, the Accountability in Grants Act of 2012 :
|b hearing before the Subcommittee on Energy and Power of the Committee on Energy and Commerce, House of Representatives, One Hundred Twelfth Congress, second session, September 11, 2012.
|
| 246 |
3 |
|
|a HR 4255, the Accountability in Grants Act of 2012
|
| 264 |
|
1 |
|a Washington :
|b U.S. Government Printing Office,
|c 2013.
|
| 300 |
|
|
|a 1 online resource (iii, 175 pages)
|
| 336 |
|
|
|a text
|b txt
|2 rdacontent
|
| 337 |
|
|
|a computer
|b c
|2 rdamedia
|
| 338 |
|
|
|a online resource
|b cr
|2 rdacarrier
|
| 500 |
|
|
|a Title from title screen (viewed on Nov. 20, 2013).
|
| 500 |
|
|
|a Paper version available for sale by the Superintendent of Documents, U.S. Government Printing Office.
|
| 504 |
|
|
|a Includes bibliographical references.
|
| 500 |
|
|
|a "Serial no. 112-173."
|
| 650 |
|
0 |
|a Environmental protection
|x Research grants
|z United States.
|
| 650 |
|
0 |
|a Environmental protection
|x Research
|x International cooperation.
|
| 650 |
|
0 |
|a Federal aid to research
|z United States.
|
| 776 |
0 |
8 |
|i Print version:
|a United States. Congress. House. Committee on Energy and Commerce. Subcommittee on Energy and Power.
|t H.R. 4255, the Accountability in Grants Act of 2012
|w (OCoLC)864754597
|
| 776 |
0 |
8 |
|i Microfiche version:
|a United States. Congress. House. Committee on Energy and Commerce. Subcommittee on Energy and Power.
|t H.R. 4255, the Accountability in Grants Act of 2012
|w (OCoLC)875586421
|
| 856 |
4 |
0 |
|u https://purl.fdlp.gov/GPO/gpo41589
|t 0
|
| 856 |
4 |
0 |
|u http://purl.fdlp.gov/GPO/gpo41589
|t 0
|
| 999 |
f |
f |
|s 0d741780-f5b0-3947-afe6-5aec992e8a72
|i 31f79bb8-f2c0-3496-b177-b475a151f401
|t 0
|
| 952 |
f |
f |
|a Texas A&M University
|b College Station
|c Electronic Resources
|d Available Online
|t 0
|e Y 4.C 73/8:112-173
|h Superintendent of Documents classification
|
| 998 |
f |
f |
|a Y 4.C 73/8:112-173
|t 0
|l Available Online
|